Основы и развитие методов обработки металлов давлением: учебное пособие для вузов

Manylion Llyfryddiaeth
Prif Awdur: Фомин Н. И. Николай Ильич
Awdur Corfforaethol: Томский политехнический университет (ТПУ)
Crynodeb:В пособии рассмотрены вопросы производства и основные свойства ряда металлических материалов, используемых в различных процессах обработки металлов давлением. Освещены вопросы пластического деформирования металлов и сплавов, закономерности изменения их структуры и свойств в процессе деформации. Изложены основные сведения о развитии и современном состоянии технологии получения заготовок деталей машин методами обработки давлением, такими как прокатка, прессование, волочение, ковка, штамповка. Содержание пособия соответствует программе дисциплины «Основы обработки металлов давлением» и предназначено для студентов, обучающихся по направлениям 150900 «Технология, оборудование и автоматизация машиностроительных производств» и 150400 «Технологические машины и оборудование». Все иллюстрации, кроме фотографий, выполнены автором.
Iaith:Rwseg
Cyhoeddwyd: Томск, Изд-во ТПУ, 2009
Pynciau:
Fformat: MixedMaterials Llyfr
KOHA link:https://koha.lib.tpu.ru/cgi-bin/koha/opac-detail.pl?biblionumber=178831

MARC

LEADER 00000nam0a2200000 4500
001 178831
005 20231101223431.0
035 |a (RuTPU)RU\TPU\book\193849 
090 |a 178831 
100 |a 20100409d2009 m y0rusy50 ca 
101 0 |a rus 
102 |a RU 
105 |a a j 001zy 
200 1 |a Основы и развитие методов обработки металлов давлением  |e учебное пособие для вузов  |f Н. И. Фомин  |g Томский политехнический университет (ТПУ) 
210 |a Томск  |c Изд-во ТПУ  |d 2009 
215 |a 151 с.  |c ил. 
320 |a Библиогр.: с. 148-149. 
330 |a В пособии рассмотрены вопросы производства и основные свойства ряда металлических материалов, используемых в различных процессах обработки металлов давлением. Освещены вопросы пластического деформирования металлов и сплавов, закономерности изменения их структуры и свойств в процессе деформации. Изложены основные сведения о развитии и современном состоянии технологии получения заготовок деталей машин методами обработки давлением, такими как прокатка, прессование, волочение, ковка, штамповка. Содержание пособия соответствует программе дисциплины «Основы обработки металлов давлением» и предназначено для студентов, обучающихся по направлениям 150900 «Технология, оборудование и автоматизация машиностроительных производств» и 150400 «Технологические машины и оборудование». Все иллюстрации, кроме фотографий, выполнены автором. 
452 1 |0 (RuTPU)RU\TPU\book\197559  |t Основы и развитие методов обработки металлов давлением  |o учебное пособие  |f Н. И. Фомин  |g Томский политехнический университет (ТПУ)  |c Томск  |n Изд-во ТПУ  |d 2009  |a Фомин, Николай Ильич 
606 1 |a Металлообработка давлением  |2 stltpush  |3 (RuTPU)RU\TPU\subj\42499  |9 86085 
610 1 |a металлы 
610 1 |a обработка давлением 
610 1 |a методы 
610 1 |a технология 
610 1 |a металлические конструкционные материалы 
610 1 |a железо 
610 1 |a медь 
610 1 |a олово 
610 1 |a цинк 
610 1 |a свинец 
610 1 |a алюминий 
610 1 |a титан 
610 1 |a золото 
610 1 |a серебро 
610 1 |a платиновые металлы 
610 1 |a сплавы 
610 1 |a нагрев 
610 1 |a теплофизика 
610 1 |a теплофизические процессы 
610 1 |a инструментальные материалы 
610 1 |a ковка 
610 1 |a штамповка 
610 1 |a горячая объемная штамповка 
610 1 |a холодная объемная штамповка 
610 1 |a холодная листовая штамповка 
610 1 |a чеканка 
610 1 |a волочение 
610 1 |a прессование 
610 1 |a учебные пособия 
610 1 |a труды учёных ТПУ 
675 |a 621.73(075.8)  |v 3 
700 1 |a Фомин  |b Н. И.  |c специалист в области машиностроения  |c доцент Томского политехнического университета, кандидат технических наук  |f 1949-  |g Николай Ильич  |2 stltpush  |3 (RuTPU)RU\TPU\pers\26384 
712 0 2 |a Томский политехнический университет (ТПУ)  |c (1991- )  |2 stltpush  |3 (RuTPU)RU\TPU\col\376 
801 1 |a RU  |b 63413507  |c 20100409 
801 2 |a RU  |b 63413507  |c 20201016  |g RCR 
900 |a Основы обработки металлов давлением 
900 |a Обработка металлов давлением 
942 |c BK